000 00461nam a2200157Ia 4500
008 240729s9999 xx 000 0 und d
022 _a1339-3367
245 0 _aVisegrad Journal on Bioeconomy and Sustainable Development
260 _aPoland
260 _bSciendo
650 _a Environmental sciences
650 _aGeography. Anthropology. Recreation
856 _uhttps://doaj.org/toc/93570e6ff93c474992b567c86b4179a6
942 _2ddc
942 _cDOAJEJ
999 _c66263
_d66263
945 _a1
_bMadushi Gamage
_c1
_dMadushi Gamage